00477nam a2200157 450000500170000001000150001702000110003203500140004303700130005708200110007010000130008124500580009426000400015227001060019230000210029820190516132330.0 aENG-125196 c250.00 aEN-108728 bDBAD/PUB a153.15 aNarendra aJourney through the human consciousness/cby Narendra aBanglorebInfinity Publishersc2010 aNo 941, 2nd Cross, Brindavan Layout, Kaval ByradandrabR.T.Nagar, Bangloree560032mnarenb7@gmail.com a166p.c20cm(pbk)